000 01341nam0a2200337 4500
001 RU\NLR\BIBL_A\011785796
005 20180920092139.0
010 _a978-5-9704-4787-1
_91000
021 _aRU
_bКН-П-18-4107
_9КН-П-18-056972
035 _a(NLR Aleph) 011785796
035 _a(RuMoRGB)009707846
090 _a11800064
_c11800064
100 _a20180911d2018 u y0rusy50 ca
101 1 _arus
_ceng
102 _aRU
105 _aa z |001z
200 1 _aОбмороки
_eруководство для врачей
_fБехзад Б. Паври
_gперевод с английского под редакцией А. В. Певзнера
210 _aМосква
_cГЭОТАР-Медиа
_d2018
215 _a172, [1]с.
_cил.
_d25
300 _aЗагл. и авт. ориг.: Handbook of syncope / Behzad B Pavri
320 _aБиблиогр. в конце гл.
320 _aАлф. указ. в конце кн.
454 0 _12001#$aHandbook of syncope
_1700#1$aPavri$bB. B$gBehzad B
606 1 _aОбморок
_jРуководства, пособия и т.п
_2nlr_sh1
_2nlr_sh2
_3RU\NLR\AUTH\66310941
686 1 _aР341.211я77
700 1 _aПаври
_bБ. Б.
_gБехзад Б.
942 _cBOOK
980 _aNBR
980 _aNB